| 000 -LEADER |
| fixed length control field |
01093nam a2200241Ia 4500 |
| 001 - CONTROL NUMBER |
| control field |
17789 |
| 003 - CONTROL NUMBER IDENTIFIER |
| control field |
GE_BSU |
| 005 - DATE AND TIME OF LATEST TRANSACTION |
| control field |
20200224142443.0 |
| 008 - FIXED-LENGTH DATA ELEMENTS--GENERAL INFORMATION |
| fixed length control field |
181216s1976en xx |||||||||||||| ||eng|| |
| 040 ## - CATALOGING SOURCE |
| Transcribing agency |
GE_BSU |
| 080 ## - UNIVERSAL DECIMAL CLASSIFICATION NUMBER |
| Universal Decimal Classification number |
353.03(73) |
| 245 ## - TITLE STATEMENT |
| Title |
Public papers of the presidents of the United States Herbert Hoover |
| 245 ## - TITLE STATEMENT |
| Remainder of title |
Containing the Public Message, Speeches, and Statements of the President. January 1 to december 31,1931 |
| 260 ## - PUBLICATION, DISTRIBUTION, ETC. |
| Place of publication, distribution, etc. |
Washington |
| 260 ## - PUBLICATION, DISTRIBUTION, ETC. |
| Name of publisher, distributor, etc. |
United States government printing office |
| 260 ## - PUBLICATION, DISTRIBUTION, ETC. |
| Date of publication, distribution, etc. |
1976 |
| 300 ## - PHYSICAL DESCRIPTION |
| Extent |
868p.26cm. |
| 653 ## - INDEX TERM--UNCONTROLLED |
| keyword |
Containing the Public Message, Speeches, and Statements of the President. January i to december |
| 653 ## - INDEX TERM--UNCONTROLLED |
| keyword |
Public papers of the presidents of the United States |
| 653 ## - INDEX TERM--UNCONTROLLED |
| keyword |
სახელმწიფო ადმინისტრაციული მმართველობა |
| 653 ## - INDEX TERM--UNCONTROLLED |
| keyword |
შეერთებული შტატების პრეზიდენტების ჰერბერტ ჰუვერის საჯარო ფურცლები. |
| 942 ## - ADDED ENTRY ELEMENTS (KOHA) |
| Koha item type |
წიგნი |
| Source of classification or shelving scheme |
|